000 00598nam a2200253Ia 4500
005 20260306154931.0
008 008 260114s9999 xx 000 0 eng d
020 _a9781139002394
037 _aEBOOK
040 _aCRL
040 _beng
040 _cCRL
041 _2eng
041 _aeng
084 _qCRL
100 _aKamesar
_9932401
245 4 _aThe Cambridge Companion to Philo
260 _bCambridge University Press
260 _c2009
650 _a Philosophy
856 _uhttps://doi.org/10.1017/CCOL9780521860901
942 _cEBOOK
999 _c1709641
_d1709641